<?xml version="1.0" encoding="UTF-8"?>
<record
    xmlns:xsi="http://www.w3.org/2001/XMLSchema-instance"
    xsi:schemaLocation="http://www.loc.gov/MARC21/slim http://www.loc.gov/standards/marcxml/schema/MARC21slim.xsd"
    xmlns="http://www.loc.gov/MARC21/slim">

  <leader>00695nam a22001337a 4500</leader>
  <datafield tag="040" ind1=" " ind2=" ">
    <subfield code="c">RUA</subfield>
  </datafield>
  <datafield tag="082" ind1=" " ind2=" ">
    <subfield code="a">AVM THA 2018 B649 Or.1</subfield>
  </datafield>
  <datafield tag="100" ind1=" " ind2=" ">
    <subfield code="a">THA CHANN &#x1790;&#x17B6; &#x1785;&#x17B6;&#x1793;&#x17CB;</subfield>
  </datafield>
  <datafield tag="245" ind1=" " ind2=" ">
    <subfield code="a">haemoparasites on domestic chickens ( Gallus gallus domesticus .) at chansen commune oudong district, kampong speu province &#x1794;&#x179A;&#x17B6;&#x179F;&#x17B7;&#x178F;&#x1780;&#x17D2;&#x1793;&#x17BB;&#x1784;&#x1788;&#x17B6;&#x1798;&#x1796;&#x17BC;&#x1787;&#x1798;&#x17B6;&#x1793;&#x17CB;&#x1780;&#x17D2;&#x1793;&#x17BB;&#x1784;&#x179F;&#x17D2;&#x179A;&#x17BB;&#x1780; &#x1793;&#x17C5;&#x1783;&#x17BB;&#x17C6; &#x1785;&#x17B6;&#x1793;&#x17CB;&#x179F;&#x17C2;&#x1793; &#x179F;&#x17D2;&#x179A;&#x17BB;&#x1780;&#x17A7;&#x178A;&#x17BB;&#x1784; &#x1781;&#x17C1;&#x178F;&#x17D2;&#x178F;&#x1780;&#x17C6;&#x1796;&#x17BB;&#x1784;&#x179F;&#x17D2;&#x1796;&#x17BA; </subfield>
  </datafield>
  <datafield tag="260" ind1=" " ind2=" ">
    <subfield code="a">RUA</subfield>
    <subfield code="b">Phnom penh</subfield>
    <subfield code="c">2018</subfield>
  </datafield>
  <datafield tag="300" ind1=" " ind2=" ">
    <subfield code="a">x;31p</subfield>
    <subfield code="b">ill;</subfield>
    <subfield code="c">29cm</subfield>
  </datafield>
  <datafield tag="856" ind1=" " ind2=" ">
    <subfield code="u">https://drive.google.com/file/d/1ki7kL9kvS3h0ILNPzEEMqGKM2LQEDxt7/view?usp=sharing</subfield>
  </datafield>
  <datafield tag="942" ind1=" " ind2=" ">
    <subfield code="c">AVM</subfield>
  </datafield>
  <datafield tag="999" ind1=" " ind2=" ">
    <subfield code="c">18329</subfield>
    <subfield code="d">18329</subfield>
  </datafield>
  <datafield tag="952" ind1=" " ind2=" ">
    <subfield code="0">0</subfield>
    <subfield code="1">0</subfield>
    <subfield code="2">ddc</subfield>
    <subfield code="4">0</subfield>
    <subfield code="6">AVM_THA_2018_000000000000000_B649_OR_1</subfield>
    <subfield code="7">0</subfield>
    <subfield code="9">82112</subfield>
    <subfield code="a">LBB</subfield>
    <subfield code="b">LBB</subfield>
    <subfield code="c">B649</subfield>
    <subfield code="d">2019-10-25</subfield>
    <subfield code="l">1</subfield>
    <subfield code="o">AVM THA 2018 B649 Or.1</subfield>
    <subfield code="p">A43846</subfield>
    <subfield code="r">2021-05-21</subfield>
    <subfield code="s">2021-03-02</subfield>
    <subfield code="w">2019-10-25</subfield>
    <subfield code="y">AVM</subfield>
  </datafield>
  <datafield tag="952" ind1=" " ind2=" ">
    <subfield code="0">0</subfield>
    <subfield code="1">0</subfield>
    <subfield code="2">ddc</subfield>
    <subfield code="4">0</subfield>
    <subfield code="6">AVM_THA_2018_000000000000000_B649_OR_2</subfield>
    <subfield code="7">0</subfield>
    <subfield code="9">82113</subfield>
    <subfield code="a">LBB</subfield>
    <subfield code="b">LBB</subfield>
    <subfield code="c">B649</subfield>
    <subfield code="d">2019-10-25</subfield>
    <subfield code="o">AVM THA 2018 B649 Or.2</subfield>
    <subfield code="p">A43272</subfield>
    <subfield code="r">2019-10-25</subfield>
    <subfield code="w">2019-10-25</subfield>
    <subfield code="y">AVM</subfield>
  </datafield>
  <datafield tag="952" ind1=" " ind2=" ">
    <subfield code="0">0</subfield>
    <subfield code="1">0</subfield>
    <subfield code="2">ddc</subfield>
    <subfield code="4">0</subfield>
    <subfield code="6">AVM_THA_2018_000000000000000_B649_OR_3</subfield>
    <subfield code="7">0</subfield>
    <subfield code="9">82114</subfield>
    <subfield code="a">LBB</subfield>
    <subfield code="b">LBB</subfield>
    <subfield code="c">B649</subfield>
    <subfield code="d">2019-10-25</subfield>
    <subfield code="l">1</subfield>
    <subfield code="o">AVM THA 2018 B649 Or.3</subfield>
    <subfield code="p">A43901</subfield>
    <subfield code="q">2026-07-07</subfield>
    <subfield code="r">2026-06-19</subfield>
    <subfield code="s">2026-06-19</subfield>
    <subfield code="w">2019-10-25</subfield>
    <subfield code="y">AVM</subfield>
  </datafield>
  <datafield tag="952" ind1=" " ind2=" ">
    <subfield code="0">0</subfield>
    <subfield code="1">0</subfield>
    <subfield code="2">ddc</subfield>
    <subfield code="4">0</subfield>
    <subfield code="6">AVM_THA_2018_000000000000000_B649_OR_4</subfield>
    <subfield code="7">0</subfield>
    <subfield code="9">82115</subfield>
    <subfield code="a">LBB</subfield>
    <subfield code="b">LBB</subfield>
    <subfield code="c">B649</subfield>
    <subfield code="d">2019-10-25</subfield>
    <subfield code="o">AVM THA 2018 B649 Or.4</subfield>
    <subfield code="p">A43099</subfield>
    <subfield code="r">2019-10-25</subfield>
    <subfield code="w">2019-10-25</subfield>
    <subfield code="y">AVM</subfield>
  </datafield>
  <datafield tag="952" ind1=" " ind2=" ">
    <subfield code="0">0</subfield>
    <subfield code="1">0</subfield>
    <subfield code="2">ddc</subfield>
    <subfield code="4">0</subfield>
    <subfield code="6">AVM_THA_2018_000000000000000_B649_OR_5</subfield>
    <subfield code="7">0</subfield>
    <subfield code="9">82116</subfield>
    <subfield code="a">LBB</subfield>
    <subfield code="b">LBB</subfield>
    <subfield code="c">B649</subfield>
    <subfield code="d">2019-10-25</subfield>
    <subfield code="l">1</subfield>
    <subfield code="o">AVM THA 2018 B649 Or.5</subfield>
    <subfield code="p">A43174</subfield>
    <subfield code="r">2019-11-29</subfield>
    <subfield code="s">2019-11-15</subfield>
    <subfield code="w">2019-10-25</subfield>
    <subfield code="y">AVM</subfield>
  </datafield>
  <datafield tag="952" ind1=" " ind2=" ">
    <subfield code="0">0</subfield>
    <subfield code="1">0</subfield>
    <subfield code="2">ddc</subfield>
    <subfield code="4">0</subfield>
    <subfield code="6">AVM_THA_2018_000000000000000_B649_OR_6</subfield>
    <subfield code="7">0</subfield>
    <subfield code="9">82117</subfield>
    <subfield code="a">LBB</subfield>
    <subfield code="b">LBB</subfield>
    <subfield code="c">B649</subfield>
    <subfield code="d">2019-10-25</subfield>
    <subfield code="o">AVM THA 2018 B649 Or.6</subfield>
    <subfield code="p">A43249</subfield>
    <subfield code="r">2019-10-25</subfield>
    <subfield code="w">2019-10-25</subfield>
    <subfield code="y">AVM</subfield>
  </datafield>
</record>
